[Event "ROM-chT Div-A"]
[Site "Slanic Moldova"]
[Date "2011.10.09"]
[Round "9"]
[White "Raut, Cristian"]
[Black "Hogea, Calin"]
[Result "1-0"]
[WhiteElo "2307"]
[BlackElo "2184"]
[PlyCount "61"]
[EventDate "2011.10.03"]
[EventType "team-tourn"]
[EventRounds "9"]
[EventCountry "ROU"]
[SourceTitle "CBM 144 Extra"]
[Source "ChessBase"]
[SourceDate "2011.10.28"]
[SourceVersion "1"]
[SourceVersionDate "2011.10.28"]
[SourceQuality "1"]

1. e4 e5 2. Nf3 Qe7 3. Bc4 g6 4. Nc3 c6 5. d4 d6 6. dxe5 dxe5 7. Bg5 f6 8. Be3 Nh6 9. h3 Be6 10. Qe2 Bg7 11. 0-0-0 b5 12. Bb3 Bxb3 13. axb3 0-0 14. Rd2 a5 15. Rhd1 Nf7 16. g4 Qe6 17. Kb1 a4 18. b4 Na6 19. Na2 Rfb8 20. Ne1 Bf8 21. Nd3 Nd6 22. Nc5 Nxc5 23. Bxc5 Nc4 24. Rd7 Bxc5 25. bxc5 b4 26. Nc1 b3 27. cxb3 axb3 28. Qd3 Rb5 29. Rd8+ Kg7 30. Rd7+ Kh6 31. h4 1-0

[Event "ROM-chT Div-A"]
[Site "Slanic Moldova"]
[Date "2011.10.06"]
[Round "5"]
[White "Adam, Ioan"]
[Black "Raut, Cristian"]
[Result "0-1"]
[WhiteElo "2058"]
[BlackElo "2307"]
[PlyCount "40"]
[EventDate "2011.10.03"]
[EventType "team-tourn"]
[EventRounds "9"]
[EventCountry "ROU"]
[SourceTitle "CBM 144 Extra"]
[Source "ChessBase"]
[SourceDate "2011.10.28"]
[SourceVersion "1"]
[SourceVersionDate "2011.10.28"]
[SourceQuality "1"]

1. e4 c5 2. Nf3 d6 3. d4 cxd4 4. Nxd4 a6 5. c4 g6 6. Nc3 Bg7 7. Be2 Nf6 8. 0-0 0-0 9. Kh1 Nc6 10. Be3 Bd7 11. f4 Rc8 12. b3 e5 13. Nxc6 Bxc6 14. Bf3 exf4 15. Bxf4 Nd7 16. Rc1 Ne5 17. Rf2 Qa5 18. Nd5 Bxd5 19. Qxd5 Qxd5 20. cxd5 Nd3 0-1

[Event "ROM-chT Div-A"]
[Site "Slanic Moldova"]
[Date "2011.10.04"]
[Round "3"]
[White "Raut, Cristian"]
[Black "Vasile, Claudiu Daniel"]
[Result "1-0"]
[WhiteElo "2307"]
[BlackElo "1997"]
[PlyCount "71"]
[EventDate "2011.10.03"]
[EventType "team-tourn"]
[EventRounds "9"]
[EventCountry "ROU"]
[SourceTitle "CBM 144 Extra"]
[Source "ChessBase"]
[SourceDate "2011.10.28"]
[SourceVersion "1"]
[SourceVersionDate "2011.10.28"]
[SourceQuality "1"]

1. e4 e5 2. Nf3 Nf6 3. Nxe5 d6 4. Nf3 Nxe4 5. Nc3 Nxc3 6. dxc3 Be7 7. Bf4 0-0 8. Qd2 Nc6 9. 0-0-0 Be6 10. Kb1 Bf6 11. Ng5 Bf5 12. Bd3 Bxd3 13. cxd3 d5 14. d4 b5 15. h4 b4 16. cxb4 Qd7 17. Qd3 g6 18. a3 Rfe8 19. Nf3 Re4 20. Be5 Bxe5 21. dxe5 Nxe5 22. Qxd5 Qxd5 23. Rxd5 Nxf3 24. gxf3 Re2 25. Rhd1 Rxf2 26. Rd8+ Rxd8 27. Rxd8+ Kg7 28. Ra8 Rh2 29. Rxa7 Rxh4 30. Rxc7 h5 31. b5 Rh1+ 32. Ka2 h4 33. b6 h3 34. b7 h2 35. b8Q Rg1 36. Rxf7+ 1-0

[Event "Benidorm op U2300 06th"]
[Site "Benidorm"]
[Date "2007.12.01"]
[Round "2"]
[White "Kozarcanin, Sead"]
[Black "Raut, Cristian"]
[Result "0-1"]
[WhiteElo "2207"]
[BlackElo "2295"]
[PlyCount "108"]
[EventDate "2007.11.30"]
[EventType "swiss"]
[EventRounds "9"]
[EventCountry "ESP"]
[SourceTitle "CBM 121 Extra"]
[Source "ChessBase"]
[SourceDate "2008.01.10"]
[SourceVersion "1"]
[SourceVersionDate "2008.01.10"]
[SourceQuality "1"]

1. Nf3 Nf6 2. b3 g6 3. Bb2 Bg7 4. g3 b6 5. Bg2 Bb7 6. 0-0 0-0 7. c4 c5 8. d4 cxd4 9. Nxd4 Bxg2 10. Kxg2 d5 11. cxd5 Qxd5+ 12. Nf3 Nc6 13. Qxd5 Nxd5 14. Bxg7 Kxg7 15. e4 Ndb4 16. Nbd2 Rfd8 17. Rac1 Rac8 18. a3 Nd3 19. Rb1 Nce5 20. b4 Rc2 21. Rb3 Ng4 22. h3 Ngxf2 23. Rxf2 Nxf2 24. Kxf2 Rcxd2+ 25. Nxd2 Rxd2+ 26. Ke3 Ra2 27. Kd4 Kf6 28. Kd5 Rd2+ 29. Kc6 Ke5 30. Kb7 Rd7+ 31. Kc8 Rd6 32. Kb7 Kxe4 33. Kxa7 b5 34. Rb1 Rd3 35. Re1+ Kf5 36. Kb6 e5 37. Kxb5 Rxa3 38. Kc4 Ke6 39. Rd1 Ra8 40. b5 Rc8+ 41. Kb4 f5 42. b6 e4 43. Kb5 g5 44. b7 Rb8 45. Kc6 e3 46. h4 h6 47. Rd6+ Ke5 48. Rxh6 f4 49. Rg6 e2 50. Rxg5+ Kf6 51. Kc7 Rxb7+ 52. Kxb7 f3 53. g4 e1Q 54. Rf5+ Ke7 0-1

[Event "ROM-ch"]
[Site "Predeal"]
[Date "2006.12.04"]
[Round "8"]
[White "Raut, Cristian"]
[Black "Berescu, Alin Mile"]
[Result "0-1"]
[WhiteElo "2264"]
[BlackElo "2485"]
[PlyCount "68"]
[EventDate "2006.11.27"]
[EventType "swiss"]
[EventRounds "11"]
[EventCountry "ROU"]
[SourceTitle "CBM 115 Extra"]
[Source "ChessBase"]
[SourceDate "2007.01.10"]
[SourceVersion "1"]
[SourceVersionDate "2007.01.10"]
[SourceQuality "1"]

1. e4 e6 2. d4 d5 3. Nd2 Be7 4. c3 dxe4 5. Nxe4 Nd7 6. Nf3 Ngf6 7. Bd3 0-0 8. 0-0 b6 9. Qe2 Bb7 10. Nxf6+ Nxf6 11. Bg5 h6 12. Bxf6 Bxf6 13. Be4 Bxe4 14. Qxe4 c5 15. Rad1 Qc7 16. dxc5 bxc5 17. Nd2 Qa5 18. a3 Rab8 19. Nc4 Qa4 20. Qe2 Rfd8 21. Rxd8+ Rxd8 22. Ne3 Qb3 23. Rd1 Rxd1+ 24. Nxd1 Bg5 25. g3 Bc1 26. Kf1 a5 27. h4 g6 28. Ke1 a4 29. h5 gxh5 30. Kf1 Qd5 31. Kg1 Bd2 32. Qb5 Qe4 33. Kh2 h4 34. Qxc5 h3 0-1

[Event "SVK-ch op-A"]
[Site "Banska Stiavnica"]
[Date "2006.07.10"]
[Round "3"]
[White "Manik, Mikulas"]
[Black "Raut, Cristian"]
[Result "1-0"]
[WhiteElo "2460"]
[BlackElo "2246"]
[PlyCount "95"]
[EventDate "2006.07.08"]
[EventType "swiss"]
[EventRounds "9"]
[EventCountry "SVK"]
[SourceTitle "CBM 113 Extra"]
[Source "ChessBase"]
[SourceDate "2006.09.14"]
[SourceVersion "1"]
[SourceVersionDate "2006.09.14"]
[SourceQuality "1"]

1. e4 c5 2. Nf3 d6 3. d4 cxd4 4. Nxd4 Nf6 5. Nc3 a6 6. g3 e5 7. Nb3 Be6 8. Bg2 Nbd7 9. a4 Nc5 10. Nxc5 dxc5 11. Nd5 Bxd5 12. exd5 Bd6 13. 0-0 0-0 14. g4 Ne8 15. Ra3 f6 16. Rh3 g6 17. Kh1 Qd7 18. c3 Qc7 19. Rg1 Rf7 20. Be4 Rd8 21. Qf3 Bf8 22. d6 Qxd6 23. Bxb7 c4 24. a5 Nc7 25. Be4 Ne6 26. Qe2 Nc5 27. Qxc4 Nxe4 28. Qxe4 Qc5 29. b4 Qxf2 30. Qc4 Qc2 31. Rf3 Rd4 32. Qxa6 Rd1 33. Rxd1 Qxd1+ 34. Qf1 Rd7 35. Kg2 e4 36. Qxd1 Rxd1 37. Rf1 Rd3 38. Rxf6 Rxc3 39. Bf4 Bxb4 40. a6 Rc2+ 41. Kf1 Ra2 42. Be3 Bd2 43. Bd4 e3 44. Rc6 Ra4 45. a7 Kf7 46. Rc8 Rxd4 47. a8Q Rf4+ 48. Ke2 1-0

[Event "Bucharest Revolution Memorial"]
[Site "Bucharest"]
[Date "2004.12.19"]
[Round "6"]
[White "Raut, Cristian"]
[Black "Partac, Elena"]
[Result "0-1"]
[WhiteElo "2254"]
[BlackElo "2259"]
[PlyCount "79"]
[EventDate "2004.12.15"]
[EventType "swiss"]
[EventRounds "9"]
[EventCountry "ROU"]
[SourceTitle "CBM 104 Extra"]
[Source "ChessBase"]
[SourceDate "2005.03.01"]
[SourceVersion "1"]
[SourceVersionDate "2005.03.01"]
[SourceQuality "1"]

1. e4 c5 2. c3 Nf6 3. e5 Nd5 4. d4 cxd4 5. Nf3 e6 6. cxd4 d6 7. Bc4 Nc6 8. 0-0 Be7 9. Qe2 0-0 10. Nc3 Nxc3 11. bxc3 dxe5 12. dxe5 Qa5 13. Qe4 Qa4 14. Qe2 Rd8 15. Re1 Bd7 16. Ng5 h6 17. Nh3 Na5 18. Bd3 Bc6 19. c4 Nb3 20. Rb1 Nxc1 21. Rbxc1 Rd4 22. Bc2 Qb4 23. Bb1 Rd2 24. Qg4 Rad8 25. Nf4 Qc5 26. Qg3 Bg5 27. Nh5 Qd4 28. h3 Kh8 29. Rf1 g6 30. Nf6 Bh4 31. Qg4 Bxf2+ 32. Kh1 Qxe5 33. Ne4 f5 34. Qxg6 fxe4 35. Qxh6+ Kg8 36. Qg6+ Qg7 37. Qxe6+ Kh8 38. Qf5 e3 39. Qh5+ Kg8 40. Bf5 0-1

[Event "Bucharest Revolution Memorial"]
[Site "Bucharest"]
[Date "2004.12.17"]
[Round "3"]
[White "Murariu, Andrei"]
[Black "Raut, Cristian"]
[Result "1-0"]
[WhiteElo "2381"]
[BlackElo "2254"]
[PlyCount "69"]
[EventDate "2004.12.15"]
[EventType "swiss"]
[EventRounds "9"]
[EventCountry "ROU"]
[SourceTitle "CBM 104 Extra"]
[Source "ChessBase"]
[SourceDate "2005.03.01"]
[SourceVersion "1"]
[SourceVersionDate "2005.03.01"]
[SourceQuality "1"]

1. e4 Nf6 2. e5 Nd5 3. d4 d6 4. Nf3 g6 5. Bc4 c6 6. 0-0 Bg7 7. exd6 Qxd6 8. Re1 0-0 9. c3 Bg4 10. h3 Bxf3 11. Qxf3 e6 12. Nd2 Nd7 13. Ne4 Qc7 14. Bg5 e5 15. Rad1 Qb6 16. Nd6 exd4 17. Bxd5 cxd5 18. Be7 dxc3 19. bxc3 Nf6 20. Bxf6 Qxd6 21. Be7 Qa6 22. Bxf8 Rxf8 23. Qxd5 Bxc3 24. Re7 Bf6 25. Rxb7 Qa4 26. g3 Bd8 27. Rd4 Qa3 28. Rf4 Be7 29. Kg2 Qd6 30. Qxd6 Bxd6 31. Rd4 Bc5 32. Rd5 Rc8 33. Rdd7 Rf8 34. g4 h6 35. h4 1-0

[Event "Bucharest op"]
[Site "Bucharest"]
[Date "2004.09.26"]
[Round "8"]
[White "Raut, Cristian"]
[Black "Nanu, Ciprian Costica"]
[Result "0-1"]
[WhiteElo "2254"]
[BlackElo "2505"]
[PlyCount "74"]
[EventDate "2004.09.22"]
[EventType "swiss"]
[EventRounds "9"]
[EventCountry "ROU"]
[SourceTitle "CBM 102 Extra"]
[Source "ChessBase"]
[SourceDate "2004.11.03"]
[SourceVersion "1"]
[SourceVersionDate "2004.11.03"]
[SourceQuality "1"]

1. e4 c6 2. d4 d5 3. exd5 cxd5 4. c4 Nf6 5. Nc3 e6 6. Nf3 Bb4 7. cxd5 Nxd5 8. Bd2 0-0 9. Bd3 Nc6 10. 0-0 Be7 11. a3 Bf6 12. Be3 Nce7 13. Ne4 b6 14. Qe2 Bb7 15. Rad1 Ng6 16. Nxf6+ Qxf6 17. Bg5 Ndf4 18. Qe3 Nh3+ 19. gxh3 Qxf3 20. Qxf3 Bxf3 21. Bxg6 hxg6 22. Rc1 f6 23. Be3 Rf7 24. h4 Rd8 25. h3 f5 26. Bg5 Rxd4 27. Rc8+ Kh7 28. Re1 f4 29. Re8 Bd5 30. Rc1 Rc7 31. Re1 Rc2 32. Re7 Kg8 33. Rd7 Rcd2 34. Rd8+ Kh7 35. f3 Rc2 36. Rf1 e5 37. Rf2 Rd1+ 0-1

[Event "Condom op 2nd"]
[Site "Condom"]
[Date "2003.07.13"]
[Round "2"]
[White "Raut, Cristian"]
[Black "Levin, Felix"]
[Result "0-1"]
[WhiteElo "2258"]
[BlackElo "2520"]
[PlyCount "45"]
[EventDate "2003.07.12"]
[EventType "swiss"]
[EventRounds "9"]
[EventCountry "FRA"]
[SourceTitle "CBM 095 Extra"]
[Source "ChessBase"]
[SourceDate "2003.09.04"]
[SourceVersion "1"]
[SourceVersionDate "2003.09.04"]
[SourceQuality "1"]

1. e4 e5 2. Nf3 Nc6 3. Bc4 d6 4. d4 Bg4 5. Bb5 exd4 6. Qxd4 Nf6 7. Bg5 Bd7 8. Bxc6 Bxc6 9. Nc3 Be7 10. 0-0-0 0-0 11. e5 dxe5 12. Qc4 Nd7 13. h4 h6 14. Be3 Bd6 15. Rh3 Qe7 16. g4 Qe6 17. Qf1 b5 18. g5 b4 19. Nb1 h5 20. Nfd2 g6 21. b3 a5 22. f3 Nc5 23. Nc4 0-1

[Event "Bucharest Revolution Memorial"]
[Site "Bucharest"]
[Date "2002.12.??"]
[Round "?"]
[White "Dananau, Cristian"]
[Black "Raut, Cristian"]
[Result "0-1"]
[WhiteElo "2008"]
[BlackElo "2231"]
[PlyCount "108"]
[EventDate "2002.12.??"]
[EventType "swiss"]
[EventRounds "7"]
[EventCountry "ROU"]
[SourceTitle "EXT 2008"]
[Source "ChessBase"]
[SourceDate "2007.11.25"]
[SourceVersion "1"]
[SourceVersionDate "2007.11.25"]
[SourceQuality "1"]

1. d4 Nf6 2. g3 g6 3. Bg2 Bg7 4. c4 d5 5. Nf3 0-0 6. 0-0 dxc4 7. Qc2 b5 8. Ne5 Bf5 9. e4 Bc8 10. Rd1 Bb7 11. Bf4 Nfd7 12. a4 a6 13. axb5 axb5 14. Rxa8 Bxa8 15. Nc3 c6 16. Ra1 Bb7 17. Ra7 Qb6 18. Ra1 Nxe5 19. dxe5 e6 20. Be3 c5 21. f4 Nc6 22. Qf2 Nd4 23. Bxd4 cxd4 24. Ne2 Rd8 25. Rd1 Bf8 26. Kh1 Bc5 27. Qf1 b4 28. f5 exf5 29. exf5 Bxg2+ 30. Kxg2 c3 31. Nf4 Qc6+ 32. Kh3 gxf5 33. Qc4 Re8 34. e6 fxe6 35. Rxd4 cxb2 36. Rd1 Qb6 37. Nd3 Bd4 38. Nxb4 Bc5 39. Nd3 b1Q 40. Rxb1 Qxb1 41. Nxc5 Qd1 42. Qa2 Qf1+ 43. Kh4 Qf3 44. Kh3 f4 45. Nxe6 Qh5+ 46. Kg2 f3+ 47. Kg1 Qf7 48. Qd5 Qxe6 49. Qxf3 Qe3+ 50. Kg2 Qxf3+ 51. Kxf3 Kg7 52. g4 Ra8 53. Kf4 Kf6 54. g5+ Kg6 0-1

[Event "ROM-chT"]
[Site "Eforie Nord"]
[Date "2002.??.??"]
[Round "2"]
[White "Ionescu, Doru Alexandru"]
[Black "Raut, Cristian"]
[Result "0-1"]
[WhiteElo "2369"]
[BlackElo "2231"]
[PlyCount "117"]
[EventDate "2002.??.??"]
[EventType "team"]
[EventRounds "5"]
[EventCountry "ROU"]
[SourceTitle "EXT 2003"]
[Source "ChessBase"]
[SourceDate "2002.11.25"]
[SourceVersion "1"]
[SourceVersionDate "2002.11.25"]
[SourceQuality "1"]

1. e4 Nf6 2. Nc3 e5 3. Bc4 Bc5 4. d3 h6 5. Nf3 d6 6. Na4 Bb6 7. Nxb6 axb6 8. Qe2 Be6 9. Bxe6 fxe6 10. d4 exd4 11. Nxd4 Qd7 12. 0-0 Nc6 13. Nb5 0-0-0 14. a4 Qe7 15. Bd2 d5 16. exd5 exd5 17. Qxe7 Nxe7 18. Bf4 Ne8 19. Rfe1 Ng6 20. Bg3 Kd7 21. Rad1 c6 22. Nd4 Ra8 23. b3 Nf6 24. Nf5 Rhg8 25. c4 Ra5 26. f3 Re8 27. Nxg7 Rxe1+ 28. Bxe1 Ra8 29. Bc3 Ke7 30. Nf5+ Ke6 31. g4 Ng8 32. cxd5+ cxd5 33. Nd4+ Kf7 34. Ne2 N8e7 35. f4 Rd8 36. f5 Nf8 37. Nf4 Nd7 38. Kg2 Nc5 39. Kf3 Nxb3 40. Rb1 Nc5 41. Rxb6 d4 42. Bd2 Nc6 43. Ng6 d3 44. a5 Kg8 45. a6 Nd4+ 46. Kg2 bxa6 47. Ne5 Re8 48. Rg6+ Kh7 49. Rxh6+ Kg8 50. Rg6+ Kh7 51. Nc4 Re2+ 52. Kh3 Ne4 53. Bf4 Nf3 54. Rxa6 Rc2 55. Ra7+ Kg8 56. Rc7 Rf2 57. Rc8+ Kf7 58. g5 Nfxg5+ 59. Kg4 0-1

[Event "ROM-ch sf"]
[Site "Baile Tusnad"]
[Date "2000.??.??"]
[Round "7"]
[White "Raut, Cristian"]
[Black "Biro, Sandor"]
[Result "1-0"]
[WhiteElo "2126"]
[BlackElo "2339"]
[PlyCount "63"]
[EventDate "2000.05.??"]
[EventType "swiss"]
[EventRounds "11"]
[EventCountry "ROU"]
[SourceTitle "EXT 2001"]
[Source "ChessBase"]
[SourceDate "2000.11.22"]
[SourceVersion "1"]
[SourceVersionDate "2000.11.22"]
[SourceQuality "1"]

1. e4 e5 2. Nf3 Nc6 3. Bc4 Nf6 4. Ng5 d5 5. exd5 Nd4 6. c3 b5 7. Bf1 Nxd5 8. Ne4 Qh4 9. Ng3 Bg4 10. f3 0-0-0 11. cxd4 exd4 12. Bxb5 Rd6 13. fxg4 Re6+ 14. Kf1 h5 15. Nf5 Qf6 16. Qa4 Nb6 17. Qxd4 Re5 18. Ba6+ Kb8 19. Qf2 hxg4 20. Ng3 Qc6 21. Nc3 Nc4 22. d4 Re6 23. d5 Nd2+ 24. Bxd2 Qxa6+ 25. Kg1 Rf6 26. Qe3 Bd6 27. Rf1 Rxf1+ 28. Nxf1 g3 29. Nxg3 Qc4 30. Nge4 Be5 31. Qe2 Bd4+ 32. Kf1 1-0

[Event "ROM-chT2"]
[Site "Sovata"]
[Date "1997.??.??"]
[Round "9"]
[White "Raut, Cristian"]
[Black "Ardelean, George Catalin"]
[Result "1/2-1/2"]
[WhiteElo "2090"]
[BlackElo "2235"]
[PlyCount "64"]
[EventDate "1997.10.??"]
[EventType "team-tourn"]
[EventRounds "7"]
[EventCountry "ROU"]
[SourceTitle "EXT 2000"]
[Source "ChessBase"]
[SourceDate "1999.11.16"]
[SourceVersion "1"]
[SourceVersionDate "1999.11.16"]
[SourceQuality "1"]

1. e4 c5 2. Nc3 Nc6 3. f4 g6 4. Nf3 Bg7 5. Bc4 e6 6. 0-0 Nge7 7. Qe1 0-0 8. d3 d5 9. Bb3 Rb8 10. a4 Nd4 11. Nxd4 cxd4 12. Nb5 a6 13. Na3 dxe4 14. Qxe4 b5 15. axb5 axb5 16. Bd2 Qb6 17. Bb4 Re8 18. Bxe7 Rxe7 19. f5 e5 20. fxg6 hxg6 21. Qh4 Qd6 22. Rf3 Be6 23. Nxb5 Qb4 24. Bxe6 Rxe6 25. Ra7 Rf8 26. Nc7 Qe7 27. Qxe7 Rxe7 28. Nb5 Rxa7 29. Nxa7 Ra8 30. Nc6 Ra1+ 31. Rf1 Ra2 32. Rb1 f5 1/2-1/2